[Event "EU-ch U16 18th"]
[Site "Herceg Novi"]
[Date "2008.09.22"]
[Round "7"]
[White "Nijs, Nils"]
[Black "Senlle Caride, Miguel"]
[Result "1-0"]
[WhiteElo "2150"]
[BlackElo "2289"]
[PlyCount "55"]
[EventDate "2008.09.15"]
[EventType "swiss"]
[EventRounds "9"]
[EventCountry "MNE"]
[SourceTitle "CBM 126 Extra"]
[Source "ChessBase"]
[SourceDate "2008.11.05"]
[SourceVersion "1"]
[SourceVersionDate "2008.11.05"]
[SourceQuality "1"]

1. d4 Nf6 2. c4 c6 3. Nc3 d5 4. Nf3 g6 5. Bf4 dxc4 6. a4 Nd5 7. Be5 f6 8. Bg3 Nxc3 9. bxc3 Qa5 10. Qc1 Be6 11. e3 Nd7 12. Nd2 Qa6 13. Qb2 Bf7 14. Be2 h5 15. h4 e5 16. 0-0 Qb6 17. Qc2 0-0-0 18. Nxc4 Qc7 19. f4 exd4 20. cxd4 Be7 21. Rab1 f5 22. Rb2 Bd5 23. Rfb1 Kb8 24. Be1 Ka8 25. Ba5 b6 26. Nxb6+ axb6 27. Bxb6 Qc8 28. Qc3 1-0

[Event "La Fere op 7th"]
[Site "La Fere"]
[Date "2008.07.12"]
[Round "9"]
[White "Nijs, Nils"]
[Black "Van Kampen, Robin"]
[Result "1-0"]
[WhiteElo "2150"]
[BlackElo "2475"]
[PlyCount "65"]
[EventDate "2008.07.05"]
[EventType "swiss"]
[EventRounds "9"]
[EventCountry "FRA"]
[SourceTitle "CBM 125 Extra"]
[Source "ChessBase"]
[SourceDate "2008.09.01"]
[SourceVersion "1"]
[SourceVersionDate "2008.09.01"]
[SourceQuality "1"]

1. d4 d5 2. c4 c6 3. Nf3 Nf6 4. Nbd2 g6 5. e3 Bg7 6. Be2 0-0 7. 0-0 Bf5 8. Nh4 Be6 9. b4 a5 10. b5 dxc4 11. bxc6 b5 12. a4 c3 13. axb5 cxd2 14. Bxd2 Ne4 15. Be1 Qd5 16. Qc2 Rc8 17. Rxa5 Rxa5 18. Bxa5 Nd6 19. Qa4 f5 20. Nf3 f4 21. exf4 Qe4 22. Re1 Qxf4 23. c7 Nd7 24. b6 Nc5 25. Qc6 Ncb7 26. Bb4 Bxd4 27. Bxd6 exd6 28. Qxb7 Rf8 29. Qc6 Qf7 30. b7 Bd5 31. Bc4 Bxc4 32. c8Q Bd5 33. Qxf8+ 1-0

[Event "La Fere op 7th"]
[Site "La Fere"]
[Date "2008.07.09"]
[Round "6"]
[White "Nijs, Nils"]
[Black "Gaponenko, Inna"]
[Result "1/2-1/2"]
[WhiteElo "2150"]
[BlackElo "2468"]
[PlyCount "114"]
[EventDate "2008.07.05"]
[EventType "swiss"]
[EventRounds "9"]
[EventCountry "FRA"]
[SourceTitle "CBM 125 Extra"]
[Source "ChessBase"]
[SourceDate "2008.09.01"]
[SourceVersion "1"]
[SourceVersionDate "2008.09.01"]
[SourceQuality "1"]

1. d4 d5 2. c4 e6 3. Nc3 c6 4. e3 Nf6 5. Nf3 Nbd7 6. Bd3 dxc4 7. Bxc4 b5 8. Bd3 b4 9. Ne4 Nxe4 10. Bxe4 Bb7 11. 0-0 Bd6 12. a3 bxa3 13. b3 Nf6 14. Bd3 c5 15. Bxa3 cxd4 16. Bb5+ Ke7 17. Nxd4 Bxa3 18. Bc6 Bc5 19. Bxb7 Bxd4 20. Qxd4 Qxd4 21. exd4 Rab8 22. Rxa7 Rhd8 23. Ba6+ Kf8 24. Rc1 Ne8 25. Bc4 Rxd4 26. Kf1 Nf6 27. Ke2 Rbd8 28. Rc2 Re4+ 29. Kf3 g5 30. g3 g4+ 31. Kg2 Rd7 32. Rxd7 Nxd7 33. f3 gxf3+ 34. Kxf3 Re1 35. Rb2 Ne5+ 36. Kf2 Rh1 37. Kg2 Nxc4 38. bxc4 Rc1 39. Rb8+ Ke7 40. Rc8 Rc2+ 41. Kh3 Kf6 42. c5 h5 43. c6 e5 44. Rh8 Kg5 45. Rg8+ Kf5 46. Rh8 Rxc6 47. Rxh5+ Ke4 48. g4 f6 49. Rf5 Kd4 50. Kg2 e4 51. h4 e3 52. Kf3 Rc1 53. Ke2 Rc2+ 54. Ke1 Kd3 55. Rd5+ Ke4 56. Rf5 Rg2 57. Rxf6 Rxg4 1/2-1/2

[Event "La Fere op 7th"]
[Site "La Fere"]
[Date "2008.07.07"]
[Round "4"]
[White "Goldsztejn, Gildas"]
[Black "Nijs, Nils"]
[Result "0-1"]
[WhiteElo "2374"]
[BlackElo "2150"]
[PlyCount "136"]
[EventDate "2008.07.05"]
[EventType "swiss"]
[EventRounds "9"]
[EventCountry "FRA"]
[SourceTitle "CBM 125 Extra"]
[Source "ChessBase"]
[SourceDate "2008.09.01"]
[SourceVersion "1"]
[SourceVersionDate "2008.09.01"]
[SourceQuality "1"]

1. e4 c5 2. Nf3 d6 3. Nc3 Nc6 4. d4 cxd4 5. Nxd4 Nf6 6. Bg5 Bd7 7. Bxf6 gxf6 8. Bc4 Qa5 9. Nb3 Qg5 10. g3 Rc8 11. f4 Qg6 12. Be2 f5 13. Bh5 Qh6 14. Qe2 Bg7 15. 0-0-0 Bxc3 16. bxc3 fxe4 17. Bg4 f5 18. Bh5+ Kd8 19. Kb2 Kc7 20. Bf7 Be6 21. Bxe6 Qxe6 22. Qb5 Kb8 23. Rhe1 Rhd8 24. c4 a6 25. Qa4 Rc7 26. Rd5 Qf6+ 27. c3 Rdc8 28. c5 dxc5 29. Nxc5 Na7 30. Qb4 a5 31. Qxa5 b6 32. Na6+ Kb7 33. Rxf5 bxa5 34. Rxf6 exf6 35. Nxc7 Kxc7 36. Rxe4 Kd6 37. f5 Kd7 38. Rh4 Rh8 39. Rh6 Ke7 40. g4 Kf7 41. h4 Kg7 42. g5 Rf8 43. Rh5 Nc6 44. gxf6+ Rxf6 45. Rg5+ Kf7 46. Kb3 h6 47. Rg4 Rxf5 48. Rd4 Ne7 49. a4 Kg6 50. Re4 Nd5 51. Re6+ Kh5 52. c4 Nf6 53. c5 Nd7 54. Kc4 Nxc5 55. Rc6 Nxa4 56. Kd4 Nc5 57. Kc4 Nd7 58. Kd4 Nf6 59. Ke3 Kxh4 60. Rc1 Kg5 61. Rg1+ Ng4+ 62. Ke4 a4 63. Ra1 Ra5 64. Ra3 h5 65. Kf3 Ne5+ 66. Kg2 Nc4 67. Rg3+ Kh6 68. Rc3 a3 0-1

[Event "La Fere op 7th"]
[Site "La Fere"]
[Date "2008.07.05"]
[Round "1"]
[White "Nijs, Nils"]
[Black "Drenchev, Petar"]
[Result "1-0"]
[WhiteElo "2150"]
[BlackElo "2450"]
[PlyCount "123"]
[EventDate "2008.07.05"]
[EventType "swiss"]
[EventRounds "9"]
[EventCountry "FRA"]
[SourceTitle "CBM 125 Extra"]
[Source "ChessBase"]
[SourceDate "2008.09.01"]
[SourceVersion "1"]
[SourceVersionDate "2008.09.01"]
[SourceQuality "1"]

1. d4 d6 2. c4 e5 3. Nc3 Nf6 4. dxe5 dxe5 5. Qxd8+ Kxd8 6. Bg5 Be6 7. 0-0-0+ Nbd7 8. Nf3 Bd6 9. e4 Kc8 10. Ne1 Bb4 11. f3 Bxc3 12. bxc3 Nb6 13. Nd3 Bxc4 14. Nxe5 Bxa2 15. c4 Re8 16. Kb2 Rxe5 17. Bxf6 gxf6 18. Kxa2 Na4 19. Ka3 Nc5 20. g3 b6 21. Bh3+ Kb7 22. Bf5 h6 23. h4 a6 24. g4 b5 25. h5 Re7 26. Rd5 Kb6 27. Rhd1 Rae8 28. Rd8 Nb7 29. Rxe8 Rxe8 30. Rd7 Rf8 31. f4 Nd6 32. c5+ Kxc5 33. Rxc7+ Kb6 34. Rd7 Kc6 35. Ra7 a5 36. Ra6+ Kc5 37. e5 fxe5 38. fxe5 Nc4+ 39. Ka2 Rh8 40. Ra7 a4 41. Rxf7 Nxe5 42. Re7 Nc4 43. Bg6 Rd8 44. g5 Rd2+ 45. Kb1 hxg5 46. h6 Rh2 47. h7 g4 48. Re8 g3 49. h8Q Rxh8 50. Rxh8 g2 51. Rh5+ Kd4 52. Rg5 Nd2+ 53. Ka2 b4 54. Rxg2 Nc4 55. Rg4+ Kc3 56. Rg3+ Kd2 57. Bf7 b3+ 58. Kb1 Ne3 59. Kb2 Nd1+ 60. Ka3 Nc3 61. Be8 Ne4 62. Rg2+ 1-0

[Event "Maastricht Limburg op"]
[Site "Maastricht"]
[Date "2008.05.11"]
[Round "5"]
[White "Nijs, Nils"]
[Black "Konijn, Bart"]
[Result "0-1"]
[WhiteElo "2101"]
[BlackElo "2236"]
[PlyCount "72"]
[EventDate "2008.05.09"]
[EventType "swiss"]
[EventRounds "7"]
[EventCountry "NED"]
[SourceTitle "EXT 2009"]
[Source "ChessBase"]
[SourceDate "2008.11.26"]
[SourceVersion "1"]
[SourceVersionDate "2008.11.26"]
[SourceQuality "1"]

1. d4 d5 2. c4 c6 3. Nc3 Nf6 4. Nf3 e6 5. e3 Nbd7 6. Bd3 Bb4 7. 0-0 0-0 8. Bd2 Qe7 9. a3 Bd6 10. Qc2 dxc4 11. Bxc4 e5 12. Bd3 Re8 13. dxe5 Nxe5 14. Nxe5 Qxe5 15. f4 Qh5 16. Ne4 Nxe4 17. Bxe4 Be6 18. Rae1 Rad8 19. Kh1 f5 20. Bf3 Qf7 21. e4 Bc4 22. Rg1 Bb3 23. Qc3 fxe4 24. Bxe4 Be7 25. Qc1 Bh4 26. g3 Rxe4 27. Rxe4 Bd5 28. Rge1 Qf5 29. Qc2 Re8 30. Kg1 Rxe4 31. Rxe4 Bxe4 32. Qb3+ Bd5 33. Qe3 Bd8 34. Qxa7 Qe4 35. Kf2 Qf3+ 36. Ke1 Bc4 0-1

[Event "Maastricht Limburg op"]
[Site "Maastricht"]
[Date "2008.05.10"]
[Round "3"]
[White "Vogel, Jaap"]
[Black "Nijs, Nils"]
[Result "1/2-1/2"]
[WhiteElo "2254"]
[BlackElo "2101"]
[PlyCount "27"]
[EventDate "2008.05.09"]
[EventType "swiss"]
[EventRounds "7"]
[EventCountry "NED"]
[SourceTitle "EXT 2009"]
[Source "ChessBase"]
[SourceDate "2008.11.26"]
[SourceVersion "1"]
[SourceVersionDate "2008.11.26"]
[SourceQuality "1"]

1. Nf3 Nf6 2. d4 d5 3. c4 c6 4. e3 Bf5 5. Nc3 e6 6. Be2 Nbd7 7. Bd2 Be7 8. Rc1 h6 9. h3 0-0 10. 0-0 Bh7 11. c5 Qc7 12. b4 Rae8 13. Re1 Ne4 14. Nxe4 1/2-1/2

[Event "Wch U14"]
[Site "Kemer"]
[Date "2007.11.26"]
[Round "9"]
[White "Nijs, Nils"]
[Black "Tordeur, Jonathan"]
[Result "1-0"]
[WhiteElo "2106"]
[BlackElo "1988"]
[PlyCount "55"]
[EventDate "2007.11.18"]
[EventType "swiss"]
[EventRounds "11"]
[EventCountry "TUR"]
[SourceTitle "CBM 121 Extra"]
[Source "ChessBase"]
[SourceDate "2008.01.10"]
[SourceVersion "1"]
[SourceVersionDate "2008.01.10"]
[SourceQuality "1"]

1. e4 c5 2. Nf3 d6 3. d4 cxd4 4. Nxd4 Nf6 5. Nc3 a6 6. Bg5 e6 7. f4 Be7 8. Qf3 Qc7 9. 0-0-0 Nbd7 10. g4 b5 11. Bxf6 Nxf6 12. g5 Nd7 13. f5 Ne5 14. Qg3 b4 15. Nce2 g6 16. fxe6 Bxe6 17. Nxe6 fxe6 18. Nd4 Qa5 19. Kb1 Nf7 20. h4 Nd8 21. Bh3 0-0 22. Nxe6 Nxe6 23. Bxe6+ Kh8 24. Bd5 b3 25. axb3 Rac8 26. h5 Kg7 27. hxg6 hxg6 28. Rh7+ 1-0

[Event "Wch U14"]
[Site "Kemer"]
[Date "2007.11.21"]
[Round "4"]
[White "Narayanan, Srinath"]
[Black "Nijs, Nils"]
[Result "1-0"]
[WhiteElo "2201"]
[BlackElo "2106"]
[PlyCount "91"]
[EventDate "2007.11.18"]
[EventType "swiss"]
[EventRounds "11"]
[EventCountry "TUR"]
[SourceTitle "CBM 121 Extra"]
[Source "ChessBase"]
[SourceDate "2008.01.10"]
[SourceVersion "1"]
[SourceVersionDate "2008.01.10"]
[SourceQuality "1"]

1. e4 c5 2. Nf3 d6 3. d4 cxd4 4. Nxd4 Nf6 5. Nc3 g6 6. Be3 Bg7 7. f3 0-0 8. Qd2 Nc6 9. 0-0-0 d5 10. Kb1 Nxd4 11. e5 Nf5 12. exf6 Bxf6 13. Nxd5 Qxd5 14. Qxd5 Nxe3 15. Qd2 Nxd1 16. Qxd1 Be6 17. Bb5 a6 18. Ba4 b5 19. Bb3 Bxb3 20. axb3 a5 21. Qe2 a4 22. Qxb5 a3 23. c3 Rfb8 24. Qc4 axb2 25. Kxb2 Rc8 26. Qd3 Rxc3 27. Qxc3 Bxc3+ 28. Kxc3 Kf8 29. b4 Rb8 30. Rd1 Ke8 31. Rd2 Rc8+ 32. Kb3 Rb8 33. Kc4 Rc8+ 34. Kb5 e6 35. Ka6 Rc6+ 36. Kb7 Rc1 37. b5 Rb1 38. b6 Ke7 39. Rc2 Kd6 40. Rc7 f5 41. Rxh7 Rb2 42. g3 g5 43. h4 gxh4 44. gxh4 e5 45. Rh6+ Kd7 46. Rf6 1-0

[Event "Wch U14"]
[Site "Kemer"]
[Date "2007.11.20"]
[Round "3"]
[White "Nijs, Nils"]
[Black "Setkauskas, Vaidas"]
[Result "1-0"]
[WhiteElo "2106"]
[BlackElo "1926"]
[PlyCount "53"]
[EventDate "2007.11.18"]
[EventType "swiss"]
[EventRounds "11"]
[EventCountry "TUR"]
[SourceTitle "CBM 121 Extra"]
[Source "ChessBase"]
[SourceDate "2008.01.10"]
[SourceVersion "1"]
[SourceVersionDate "2008.01.10"]
[SourceQuality "1"]

1. d4 Nf6 2. c4 e6 3. Nc3 Bb4 4. Qc2 c5 5. dxc5 Na6 6. a3 Bxc3+ 7. Qxc3 Nxc5 8. b4 Nce4 9. Qb2 Nd6 10. e3 0-0 11. Bd3 b6 12. Ne2 Ba6 13. Qd4 Qc7 14. b5 Bb7 15. Bb2 Nde4 16. f3 Nc5 17. Bc2 d5 18. cxd5 exd5 19. Qh4 Ncd7 20. Rc1 Qd6 21. 0-0 Rfe8 22. Ng3 g6 23. Qg5 Qe6 24. Bd4 Rec8 25. Bf5 h6 26. Qxh6 Qe7 27. Bxd7 1-0